Statistics for Bands by One of Their Songs #5

Click here to take the quiz!

General Stats

  • This quiz has been taken 30 times
  • The average score is 3 of 15

Answer Stats

HintAnswer% Correct
Sharp Dressed ManZZ Top
71%
Man in the BoxAlice in Chains
46%
Rapper's DelightThe Sugarhill Gang
46%
Never Tear Us ApartINXS
39%
Love BitesDef Leppard
32%
Symphony of DestructionMegadeth
29%
Donna10cc
18%
These EyesThe Guess Who
18%
SailAWOLNATION
14%
Fury of the StormDragonForce
11%
Pale Blue EyesThe Velvet Underground
11%
Eyes of the WorldGrateful Dead
4%
Milk LizardThe Dillinger Escape Plan
4%
Five Minutes of FunkWhodini
4%
Five Long YearsThe Yardbirds
0%

Score Distribution

Percentile by Number Answered

Percent of People with Each Score

Your Score History

You have not taken this quiz